[Event "Menorca op-A 4th"]
[Site "Ciutadella"]
[Date "2025.04.24"]
[Round "4"]
[White "Gines Esteo, Pedro Antonio"]
[Black "Lu, Shanglei"]
[Result "1/2-1/2"]
[WhiteElo "2469"]
[BlackElo "2618"]
[PlyCount "31"]
[EventDate "2025.04.22"]
[EventType "swiss"]
[EventRounds "9"]
[EventCountry "ESP"]
[SourceTitle "CB18_2025"]
[SourceDate "2025.04.30"]
[SourceVersion "1"]
[SourceVersionDate "2025.04.30"]
[SourceQuality "1"]

1. d4 Nf6 2. c4 e6 3. Nc3 Bb4 4. Qc2 0-0 5. e4 d5 6. e5 Ne4 7. Bd3 c5 8. Nf3 cxd4 9. Nxd4 Nd7 10. Bf4 Qh4 11. g3 Qh3 12. Bf1 Qh5 13. Be2 Qh3 14. Bf1 Qh5 15. Be2 Qh3 16. Bf1 1/2-1/2

[Event "Menorca op-A 4th"]
[Site "Ciutadella"]
[Date "2025.04.22"]
[Round "1"]
[White "Lu, Shanglei"]
[Black "Sabirov, Rafael"]
[Result "1-0"]
[WhiteElo "2618"]
[BlackElo "2174"]
[PlyCount "87"]
[EventDate "2025.04.22"]
[EventType "swiss"]
[EventRounds "9"]
[EventCountry "ESP"]
[SourceTitle "CB18_2025"]
[SourceDate "2025.04.30"]
[SourceVersion "1"]
[SourceVersionDate "2025.04.30"]
[SourceQuality "1"]

1. e4 c5 2. Nf3 e6 3. g3 Nc6 4. Bg2 Nf6 5. Nc3 d5 6. exd5 exd5 7. d4 cxd4 8. Nxd4 Bg4 9. f3 Bd7 10. 0-0 Be7 11. Be3 0-0 12. Nb3 Be6 13. Ne2 Ne5 14. Nbd4 Nc4 15. Bc1 Bc5 16. Kh1 Bd7 17. b3 Ne5 18. Be3 Rc8 19. Qd2 Re8 20. Bg1 Bb6 21. c3 Ba5 22. Rac1 b5 23. Nc2 Bb6 24. Nf4 Bxg1 25. Rxg1 Bc6 26. Rge1 Bb7 27. Nd4 Qb6 28. g4 Ng6 29. Nd3 a6 30. b4 Rxe1+ 31. Rxe1 a5 32. Nc5 axb4 33. cxb4 h6 34. Bf1 Rxc5 35. bxc5 Qxc5 36. Bxb5 Qd6 37. a4 Ba6 38. Nf5 Qb6 39. Qd4 Qa5 40. Rb1 Nf8 41. Ne7+ Kh8 42. Qb4 Qb6 43. Nxd5 Qf2 44. Rf1 1-0

[Event "San Vicente op 9th"]
[Site "San Vicente"]
[Date "2025.04.16"]
[Round "1"]
[White "Lu, Shanglei"]
[Black "Panda, Barnabas"]
[Result "1-0"]
[WhiteElo "2618"]
[BlackElo "2123"]
[PlyCount "65"]
[EventDate "2025.04.16"]
[EventType "swiss"]
[EventRounds "9"]
[EventCountry "ESP"]
[SourceTitle "CB17_2025"]
[SourceDate "2025.04.23"]
[SourceVersion "1"]
[SourceVersionDate "2025.04.23"]
[SourceQuality "1"]

1. e4 e5 2. Bc4 Nf6 3. d3 c6 4. Nf3 d5 5. Bb3 Bb4+ 6. Bd2 Bxd2+ 7. Qxd2 0-0 8. Nc3 Re8 9. h3 Qd6 10. 0-0 Nbd7 11. Rfe1 Nc5 12. exd5 Nxb3 13. axb3 cxd5 14. Qg5 h6 15. Qg3 Nh5 16. Qh4 Nf6 17. Re2 d4 18. Nb5 Qc5 19. Na3 Bf5 20. Rae1 Nd7 21. Nxd4 Bg6 22. Nf3 Re6 23. Qa4 Qc7 24. Nb5 Qc6 25. Qc4 Rc8 26. Nxa7 Qxc4 27. bxc4 Ra8 28. Nb5 Ra2 29. Nxe5 Nxe5 30. Rxe5 Rxe5 31. Rxe5 Rxb2 32. Re8+ Kh7 33. Nd4 1-0

[Event "Reykjavik op"]
[Site "Reykjavik"]
[Date "2025.04.15"]
[Round "9"]
[White "Amar, Elham"]
[Black "Lu, Shanglei"]
[Result "1/2-1/2"]
[WhiteElo "2546"]
[BlackElo "2618"]
[PlyCount "88"]
[EventDate "2025.04.09"]
[EventType "swiss"]
[EventRounds "9"]
[EventCountry "ISL"]
[SourceTitle "CB17_2025"]
[SourceDate "2025.04.23"]
[SourceVersion "1"]
[SourceVersionDate "2025.04.23"]
[SourceQuality "1"]

1. e4 c5 2. Nf3 d6 3. d4 cxd4 4. Nxd4 Nf6 5. Nc3 a6 6. Bc4 e6 7. Be3 Be7 8. a3 0-0 9. f3 b5 10. Bb3 Bb7 11. h4 Nbd7 12. Qd2 Ne5 13. 0-0-0 Rc8 14. g4 Nc4 15. Bxc4 Rxc4 16. h5 h6 17. g5 hxg5 18. h6 g6 19. h7+ Kh8 20. Bxg5 Rc5 21. Bh6 Re8 22. Nde2 Rh5 23. Nf4 Rxh1 24. Rxh1 Nd7 25. Nh3 Kxh7 26. Nf4 Bh4 27. Nxe6 Rxe6 28. Bg5 Qf8 29. Rxh4+ Kg8 30. Bh6 Qd8 31. Bg5 Qf8 32. Qd4 f6 33. Be3 Ne5 34. Qd1 f5 35. f4 Qe7 36. Rh1 Nf7 37. Rg1 Kf8 38. Nd5 Qh4 39. exf5 gxf5 40. Bb6 Bxd5 41. Qxd5 Re1+ 42. Rxe1 Qxe1+ 43. Qd1 Qe4 44. Qd2 Qh1+ 1/2-1/2

[Event "Reykjavik op"]
[Site "Reykjavik"]
[Date "2025.04.13"]
[Round "6"]
[White "Larkin, Vladislav"]
[Black "Lu, Shanglei"]
[Result "0-1"]
[WhiteElo "2449"]
[BlackElo "2618"]
[PlyCount "54"]
[EventDate "2025.04.09"]
[EventType "swiss"]
[EventRounds "9"]
[EventCountry "ISL"]
[SourceTitle "CB17_2025"]
[SourceDate "2025.04.23"]
[SourceVersion "1"]
[SourceVersionDate "2025.04.23"]
[SourceQuality "1"]

1. d4 Nf6 2. Bg5 d5 3. Nd2 c5 4. dxc5 e6 5. e4 Bxc5 6. Qe2 h6 7. Bxf6 Qxf6 8. 0-0-0 0-0 9. Ngf3 Nc6 10. Kb1 a5 11. g4 a4 12. c3 a3 13. Nb3 b6 14. e5 Qg6+ 15. Qc2 Qxg4 16. Nfd4 Nxe5 17. Re1 Qf4 18. Rg1 axb2 19. Re3 Rd8 20. Reg3 Bf8 21. Nd2 Ba6 22. Bh3 Nc4 23. Nxc4 Bxc4 24. Rg4 Qxh2 25. Nxe6 fxe6 26. R4g3 Rxa2 27. Bxe6+ Kh8 0-1

[Event "Reykjavik op"]
[Site "Reykjavik"]
[Date "2025.04.10"]
[Round "2"]
[White "Kavutskiy, Konstantin"]
[Black "Lu, Shanglei"]
[Result "0-1"]
[WhiteElo "2351"]
[BlackElo "2618"]
[PlyCount "66"]
[EventDate "2025.04.09"]
[EventType "swiss"]
[EventRounds "9"]
[EventCountry "ISL"]
[SourceTitle "CB17_2025"]
[SourceDate "2025.04.23"]
[SourceVersion "1"]
[SourceVersionDate "2025.04.23"]
[SourceQuality "1"]

1. e4 c5 2. Nf3 d6 3. d4 cxd4 4. Nxd4 Nf6 5. Nc3 a6 6. Bc4 e6 7. Be3 Nc6 8. Bb3 Na5 9. f4 Qc7 10. Qf3 b5 11. a3 Bb7 12. g4 d5 13. e5 Nd7 14. Rd1 Bxa3 15. Nxd5 Bb4+ 16. c3 exd5 17. Bxd5 Bxd5 18. Qxd5 Nb6 19. Nxb5 Nxd5 20. Nxc7+ Nxc7 21. cxb4 Nc4 22. Bc5 Nxb2 23. Rd2 Nc4 24. Rc2 Na3 25. Ra2 Nab5 26. 0-0 0-0-0 27. f5 Rhe8 28. e6 fxe6 29. f6 gxf6 30. Rxf6 Nc3 31. Rc2 Ne4 32. Rf7 Nxc5 33. Rxc5 Rd7 0-1

[Event "Chessable Masters Play In"]
[Site "Chess.com INT"]
[Date "2025.02.17"]
[Round "6"]
[White "Lu, Shanglei"]
[Black "Svidler, Peter"]
[Result "1-0"]
[WhiteElo "2618"]
[BlackElo "2696"]
[PlyCount "87"]
[EventDate "2025.02.17"]
[EventType "swiss (blitz)"]
[EventRounds "9"]
[EventCountry "USA"]
[SourceTitle "CB08_2025"]
[SourceDate "2025.02.19"]
[SourceVersion "1"]
[SourceVersionDate "2025.02.19"]
[SourceQuality "1"]

1. e4 e5 2. Nf3 Nc6 3. Bc4 Bc5 4. c3 Nf6 5. d3 d6 6. b4 Bb6 7. a4 a5 8. b5 Ne7 9. Nbd2 Ng6 10. 0-0 0-0 11. Re1 c6 12. bxc6 bxc6 13. d4 exd4 14. cxd4 d5 15. exd5 cxd5 16. Bb5 Bf5 17. Ba3 Ne4 18. Bxf8 Nxf8 19. Nf1 Ne6 20. Ne3 Bg6 21. Bc6 Rc8 22. Bxd5 Nc3 23. Qb3 Nxd4 24. Nxd4 Bxd4 25. Bf3 Rb8 26. Qc4 Rb4 27. Qc6 Rb6 28. Qc4 Rb4 29. Qa6 h5 30. Nc4 Kh7 31. Qxa5 Qxa5 32. Nxa5 Rb2 33. Kh1 Bxf2 34. Rec1 Ne2 35. Nc4 Nxc1 36. Nxb2 Nb3 37. Ra3 Na5 38. Nd3 Be3 39. Ne5 Bc5 40. Rc3 Bd4 41. Rc7 Bxe5 42. Rc5 Bxh2 43. Kxh2 Nb3 44. Rd5 1-0

[Event "Wch Blitz"]
[Site "New York"]
[Date "2024.12.30"]
[Round "9"]
[White "Christiansen, Johan Sebastian"]
[Black "Lu, Shanglei"]
[Result "0-1"]
[WhiteElo "2661"]
[BlackElo "2609"]
[PlyCount "80"]
[EventDate "2024.12.30"]
[EventType "swiss (blitz)"]
[EventRounds "13"]
[EventCountry "USA"]
[SourceTitle "CB01_2025"]
[SourceDate "2025.01.01"]
[SourceVersion "1"]
[SourceVersionDate "2025.01.01"]
[SourceQuality "1"]

1. e4 c5 2. Nf3 e6 3. c3 d5 4. e5 Bd7 5. d4 Qb6 6. Bd3 cxd4 7. Nxd4 Bc5 8. Qg4 Ne7 9. 0-0 0-0 10. Nf3 Bb5 11. Bxb5 Qxb5 12. h4 Nbc6 13. b4 Bb6 14. Bf4 Qd3 15. h5 Qf5 16. Qh4 f6 17. exf6 Rxf6 18. Bg5 Rf7 19. b5 h6 20. bxc6 hxg5 21. Nxg5 Rf6 22. cxb7 Rb8 23. Nd2 Rxb7 24. Ndf3 e5 25. Rad1 Rc7 26. Qg3 Rxc3 27. Qxe5 Qxe5 28. Nxe5 Rc2 29. Nef3 Rxa2 30. Rde1 Nf5 31. Re5 Rf8 32. Ne6 Ng3 33. Rc1 Re8 34. Neg5 Ne2+ 35. Kh1 Rf8 36. Rc6 Bxf2 37. h6 Ra1+ 38. Kh2 Bg3+ 39. Kh3 Rh1+ 40. Kg4 Rf4# 0-1

[Event "Wch Blitz"]
[Site "New York"]
[Date "2024.12.30"]
[Round "1"]
[White "Damjanovic, Vuk"]
[Black "Lu, Shanglei"]
[Result "0-1"]
[WhiteElo "2368"]
[BlackElo "2609"]
[PlyCount "114"]
[EventDate "2024.12.30"]
[EventType "swiss (blitz)"]
[EventRounds "13"]
[EventCountry "USA"]
[SourceTitle "CB01_2025"]
[SourceDate "2025.01.01"]
[SourceVersion "1"]
[SourceVersionDate "2025.01.01"]
[SourceQuality "1"]

1. Nf3 Nf6 2. g3 d5 3. Bg2 c5 4. 0-0 Nc6 5. d4 e6 6. c4 dxc4 7. dxc5 Qxd1 8. Rxd1 Bxc5 9. Nbd2 c3 10. bxc3 0-0 11. Nb3 Be7 12. Nfd4 Nxd4 13. cxd4 Nd5 14. Bd2 f5 15. Rac1 b6 16. e3 Ba6 17. Rc6 Kf7 18. Bf1 Bb7 19. Rc2 Ba3 20. Bc1 Bd6 21. Bd2 Rac8 22. Rdc1 h6 23. Rc4 Rc6 24. Rxc6 Rd8 25. Rc8 Rxc8 26. Rxc8 Bxc8 27. Be2 Bb7 28. f3 Nb4 29. Bxb4 Bxb4 30. Kf2 g5 31. Bc4 Bc6 32. Nc1 b5 33. Nd3 Bd6 34. Bb3 a5 35. f4 a4 36. Bc2 Bd5 37. Bb1 g4 38. Ke2 Ke7 39. Kd2 b4 40. Nb2 a3 41. Nd3 b3 42. axb3 Bxb3 43. Nc1 Bb4+ 44. Kd3 Bd5 45. Ba2 Be4+ 46. Ke2 Kd6 47. Nd3 Bc3 48. Ne5 Bd5 49. Nc4+ Kc6 50. Kd3 Bb4 51. Bb3 Kb5 52. Ba2 Be7 53. Bb3 Kb4 54. Ba2 h5 55. Ne5 Bxa2 56. Nc6+ Kb3 57. Nxe7 Bb1+ 0-1

[Event "Wch Blitz"]
[Site "New York"]
[Date "2024.12.30"]
[Round "8"]
[White "Dudin, Gleb"]
[Black "Lu, Shanglei"]
[Result "0-1"]
[WhiteElo "2506"]
[BlackElo "2609"]
[PlyCount "100"]
[EventDate "2024.12.30"]
[EventType "swiss (blitz)"]
[EventRounds "13"]
[EventCountry "USA"]
[SourceTitle "CB01_2025"]
[SourceDate "2025.01.01"]
[SourceVersion "1"]
[SourceVersionDate "2025.01.01"]
[SourceQuality "1"]

1. d4 Nf6 2. c4 e6 3. Nc3 Bb4 4. e3 0-0 5. Bd3 d5 6. a3 dxc4 7. Bxc4 Bd6 8. Nf3 Nc6 9. e4 e5 10. d5 Ne7 11. 0-0 a6 12. Re1 h6 13. h3 Bd7 14. Be3 Rc8 15. Rc1 g5 16. Nh2 Ng6 17. Bf1 Kh7 18. g3 Rg8 19. Kh1 Qe7 20. Bg2 Rg7 21. b4 Kh8 22. Na4 Rcg8 23. Nb2 Nf4 24. Ng4 h5 25. Nxf6 Qxf6 26. Kh2 Qg6 27. Bf1 f5 28. exf5 Bxf5 29. Nc4 Rf7 30. Bc5 Nxh3 31. Bxh3 Bxh3 32. Kxh3 Bxc5 33. Nxe5 Qf5+ 34. g4 hxg4+ 35. Nxg4 Bxf2 36. Rh1 Rh7+ 37. Kg2 Rxh1 38. Qxh1+ Bh4 39. Qd1 Qf4 40. Rc3 Rf8 41. Rd3 Qe4+ 42. Kg1 Rf4 43. Qa1+ Kh7 44. Nf6+ Rxf6 45. Qxf6 Qxd3 46. Qf7+ Kh6 47. Qf6+ Kh5 48. Qf7+ Kg4 49. Qxc7 Qe3+ 50. Kh1 Qf3+ 0-1

[Event "Wch Blitz"]
[Site "New York"]
[Date "2024.12.30"]
[Round "3"]
[White "Lodici, Lorenzo"]
[Black "Lu, Shanglei"]
[Result "1-0"]
[WhiteElo "2564"]
[BlackElo "2609"]
[PlyCount "109"]
[EventDate "2024.12.30"]
[EventType "swiss (blitz)"]
[EventRounds "13"]
[EventCountry "USA"]
[SourceTitle "CB01_2025"]
[SourceDate "2025.01.01"]
[SourceVersion "1"]
[SourceVersionDate "2025.01.01"]
[SourceQuality "1"]

1. e4 c5 2. Nf3 e6 3. d4 cxd4 4. Nxd4 Nf6 5. Nc3 Nc6 6. Ndb5 Bb4 7. a3 Bxc3+ 8. Nxc3 d5 9. exd5 exd5 10. Bd3 0-0 11. 0-0 Bg4 12. f3 Bh5 13. Bg5 Qb6+ 14. Kh1 Ne4 15. Nxe4 dxe4 16. Bxe4 Qxb2 17. Qd6 Bg6 18. Rab1 Qd4 19. Qxd4 Nxd4 20. Bxb7 Rab8 21. Be3 Rbd8 22. Rbd1 Nxc2 23. Bxa7 Bd3 24. Rf2 Be4 25. Rfd2 Rxd2 26. Rxd2 Bxb7 27. Rxc2 Rc8 28. Bc5 f6 29. h4 h5 30. Kg1 Kf7 31. Rb2 Rxc5 32. Rxb7+ Kg6 33. Rb4 Rc2 34. a4 Ra2 35. Kh2 Kf5 36. Kh3 g5 37. g4+ Kg6 38. hxg5 hxg4+ 39. Kxg4 fxg5 40. Rb6+ Kf7 41. Ra6 Ra3 42. Ra5 Kf6 43. Rf5+ Ke6 44. a5 Ra1 45. Kxg5 Ra2 46. Rb5 Rg2+ 47. Kf4 Ra2 48. Rb6+ Kd5 49. a6 Ra3 50. Kg4 Kc5 51. Rh6 Kd5 52. f4 Ra1 53. Kg5 Ke4 54. Re6+ Kd5 55. f5 1-0

[Event "Wch Blitz"]
[Site "New York"]
[Date "2024.12.30"]
[Round "4"]
[White "Lu, Shanglei"]
[Black "Zemlyanskii, Ivan"]
[Result "1-0"]
[WhiteElo "2609"]
[BlackElo "2543"]
[PlyCount "109"]
[EventDate "2024.12.30"]
[EventType "swiss (blitz)"]
[EventRounds "13"]
[EventCountry "USA"]
[SourceTitle "CB01_2025"]
[SourceDate "2025.01.01"]
[SourceVersion "1"]
[SourceVersionDate "2025.01.01"]
[SourceQuality "1"]

1. e4 c5 2. Nf3 d6 3. d4 cxd4 4. Nxd4 Nf6 5. f3 e5 6. Nb3 d5 7. Bg5 d4 8. c3 Nc6 9. cxd4 Bb4+ 10. Bd2 0-0 11. Bxb4 Nxb4 12. dxe5 Nxe4 13. Qxd8 Nc2+ 14. Kd1 Rxd8+ 15. Kxc2 Nf2 16. Rg1 Bf5+ 17. Kc3 a5 18. Bc4 b5 19. Nxa5 Rxa5 20. Be2 Ra7 21. Bxb5 Nd1+ 22. Kb4 Nxb2 23. Nc3 Nd3+ 24. Bxd3 Bxd3 25. a4 Rd4+ 26. Ka3 h5 27. Rgd1 Rad7 28. Rd2 Rc4 29. Kb3 Rcc7 30. Rad1 Bc4+ 31. Kb4 Re7 32. f4 g5 33. Rd4 Be6 34. fxg5 Kg7 35. h4 Rc6 36. Nb5 Rc2 37. R1d2 Rc1 38. Rb2 Rb7 39. g3 Kg6 40. Ka5 Rc8 41. Rbd2 Bc4 42. Rc2 Ra8+ 43. Kb4 Be6 44. Rd6 Kf5 45. Rc7 Rxc7 46. Nxc7 Rb8+ 47. Kc5 Bb3 48. a5 Rc8 49. Kb6 Kxe5 50. Rf6 Rb8+ 51. Ka7 Rb4 52. Rb6 Ra4 53. Rxb3 Rxa5+ 54. Kb6 Ra1 55. Rf3 1-0

[Event "Wch Blitz"]
[Site "New York"]
[Date "2024.12.30"]
[Round "11"]
[White "Praggnanandhaa, Rameshbabu"]
[Black "Lu, Shanglei"]
[Result "1-0"]
[WhiteElo "2737"]
[BlackElo "2609"]
[PlyCount "139"]
[EventDate "2024.12.30"]
[EventType "swiss (blitz)"]
[EventRounds "13"]
[EventCountry "USA"]
[SourceTitle "CB01_2025"]
[SourceDate "2025.01.01"]
[SourceVersion "1"]
[SourceVersionDate "2025.01.01"]
[SourceQuality "1"]

1. d4 Nf6 2. Bf4 d5 3. e3 c5 4. c3 Nc6 5. Nd2 Bf5 6. Ngf3 e6 7. Bb5 Qb6 8. Ba4 Be7 9. dxc5 Bxc5 10. Ne5 0-0 11. Bxc6 bxc6 12. g4 Be4 13. g5 Bxh1 14. gxf6 g6 15. Nd7 Qxb2 16. Nxc5 Qxc3 17. Rc1 Qxf6 18. Nd7 Qf5 19. Nxf8 Rxf8 20. Ke2 Bg2 21. Qg1 e5 22. Bxe5 Qh5+ 23. Ke1 Qxe5 24. Qxg2 Qb2 25. Rxc6 Qxa2 26. Rd6 Qa1+ 27. Ke2 Qe5 28. Rxd5 Qe6 29. Rd3 Qa6 30. Qd5 Re8 31. Kf3 Qf6+ 32. Ke2 Qh4 33. Nf3 Qa4 34. Qd7 Qc2+ 35. Kf1 Rb8 36. Kg2 a5 37. Ne5 Rf8 38. Rd4 Qc5 39. Qd5 Qe7 40. Nd7 Re8 41. Rf4 Rd8 42. Rd4 Rc8 43. Nb6 Re8 44. Nc4 a4 45. Qc6 Qg5+ 46. Kf1 Rb8 47. Qxa4 Qh5 48. Qd1 Qxh2 49. Rd8+ Rxd8 50. Qxd8+ Kg7 51. Qd4+ Kg8 52. Nd6 Qh3+ 53. Ke1 Qf3 54. Ne4 h5 55. Nf6+ Kf8 56. Nd7+ Kg8 57. Ne5 Qa8 58. Qf4 Qa7 59. Kf1 Qb7 60. Kg1 Kg7 61. Qd4 Kg8 62. Qd8+ Kg7 63. Nd7 Qb1+ 64. Kh2 Qf5 65. f4 Qc2+ 66. Kg3 Qc3 67. Qf8+ Kh7 68. Qxf7+ Kh6 69. Qf8+ Kh7 70. Nf6+ 1-0

[Event "Wch Rapid"]
[Site "New York"]
[Date "2024.12.28"]
[Round "13"]
[White "Lu, Shanglei"]
[Black "Amar, Elham"]
[Result "0-1"]
[WhiteElo "2638"]
[BlackElo "2494"]
[PlyCount "78"]
[EventDate "2024.12.26"]
[EventType "swiss (rapid)"]
[EventRounds "13"]
[EventCountry "USA"]
[SourceTitle "CB01_2025"]
[SourceDate "2025.01.01"]
[SourceVersion "1"]
[SourceVersionDate "2025.01.01"]
[SourceQuality "1"]

1. e4 c6 2. d4 d5 3. e5 c5 4. Nf3 cxd4 5. Nxd4 Nc6 6. Nxc6 bxc6 7. Bd3 e6 8. 0-0 Ne7 9. Nd2 a5 10. Re1 Ba6 11. Nf3 Bxd3 12. cxd3 Nf5 13. Qa4 Qd7 14. g4 Ne7 15. Be3 h5 16. h3 Ng6 17. Rac1 hxg4 18. hxg4 Bb4 19. Re2 Rh3 20. Ng5 Rh4 21. f3 Nxe5 22. Bf2 Nxd3 23. Rxc6 Rh6 24. Bd4 Be7 25. Rec2 Bxg5 26. Qb5 Nb4 27. Rc8+ Rxc8 28. Rxc8+ Bd8 29. Rxd8+ Kxd8 30. Qb8+ Qc8 31. Qd6+ Ke8 32. Bc5 Qd8 33. Qf8+ Kd7 34. Qxf7+ Kc6 35. Bd4 Qh8 36. Be5 Rh1+ 37. Kf2 Nd3+ 38. Ke3 Nxe5 39. Qxe6+ Kb7 0-1

[Event "Wch Rapid"]
[Site "New York"]
[Date "2024.12.27"]
[Round "6"]
[White "Lu, Shanglei"]
[Black "Bjerre, Jonas Buhl"]
[Result "1/2-1/2"]
[WhiteElo "2638"]
[BlackElo "2524"]
[PlyCount "43"]
[EventDate "2024.12.26"]
[EventType "swiss (rapid)"]
[EventRounds "13"]
[EventCountry "USA"]
[SourceTitle "CB01_2025"]
[SourceDate "2025.01.01"]
[SourceVersion "1"]
[SourceVersionDate "2025.01.01"]
[SourceQuality "1"]

1. e4 e5 2. Nf3 Nc6 3. Bc4 Bc5 4. c3 d6 5. d4 Bb6 6. dxe5 Bg4 7. exd6 Nf6 8. 0-0 0-0 9. Bg5 h6 10. Bh4 g5 11. Bg3 Nxe4 12. dxc7 Qc8 13. Qc2 Bf5 14. Bd3 Nxg3 15. hxg3 Bxd3 16. Qxd3 Qxc7 17. Nbd2 Qxg3 18. Qf5 Qd6 19. Rad1 Qg6 20. Qxg6+ fxg6 21. Nc4 g4 22. Nfd2 1/2-1/2

[Event "Wch Rapid"]
[Site "New York"]
[Date "2024.12.26"]
[Round "1"]
[White "Bilych, Olexiy"]
[Black "Lu, Shanglei"]
[Result "0-1"]
[WhiteElo "2450"]
[BlackElo "2638"]
[PlyCount "94"]
[EventDate "2024.12.26"]
[EventType "swiss (rapid)"]
[EventRounds "13"]
[EventCountry "USA"]
[SourceTitle "CB01_2025"]
[SourceDate "2025.01.01"]
[SourceVersion "1"]
[SourceVersionDate "2025.01.01"]
[SourceQuality "1"]

1. e4 c5 2. Nf3 e6 3. d4 cxd4 4. Nxd4 Nf6 5. Nc3 Nc6 6. a3 Be7 7. Be3 0-0 8. Be2 Qc7 9. f4 e5 10. fxe5 Qxe5 11. Qd3 d6 12. 0-0 Ng4 13. Bxg4 Bxg4 14. Nd5 Bd8 15. Nxc6 bxc6 16. Bd4 Qg5 17. Ne3 Be6 18. Rf3 f6 19. Nf5 Qh5 20. Raf1 Bxf5 21. Rxf5 Qf7 22. Qa6 c5 23. Bf2 Bc7 24. Bg3 Qe6 25. Qc6 Rac8 26. Rd1 Rfe8 27. Qd5 Qxd5 28. Rfxd5 Rxe4 29. Bxd6 Bb6 30. Kf1 c4 31. Bg3 g5 32. Rf5 Kf7 33. Be1 Kg6 34. Rdd5 Bd4 35. h3 Bxb2 36. Bb4 Be5 37. Rf3 Rc6 38. Rd7 Rc7 39. Rd8 h5 40. Rf2 g4 41. hxg4 hxg4 42. Rfd2 Rh7 43. Kf2 Rh1 44. Rg8+ Kf5 45. g3 Rh2+ 46. Kg1 Rxd2 47. Bxd2 Re2 0-1

[Event "Wch Rapid"]
[Site "New York"]
[Date "2024.12.26"]
[Round "4"]
[White "Lu, Shanglei"]
[Black "Svane, Frederik"]
[Result "1/2-1/2"]
[WhiteElo "2638"]
[BlackElo "2455"]
[PlyCount "147"]
[EventDate "2024.12.26"]
[EventType "swiss (rapid)"]
[EventRounds "13"]
[EventCountry "USA"]
[SourceTitle "CB01_2025"]
[SourceDate "2025.01.01"]
[SourceVersion "1"]
[SourceVersionDate "2025.01.01"]
[SourceQuality "1"]

1. e4 c5 2. Nf3 d6 3. d4 cxd4 4. Nxd4 Nf6 5. f3 Nc6 6. Nc3 e5 7. Nb3 Be7 8. Be3 0-0 9. Qd2 Be6 10. 0-0-0 a5 11. Bb5 Qc8 12. Kb1 Na7 13. Bxa7 Rxa7 14. g4 Ra8 15. a4 Rd8 16. Qe2 Ne8 17. h4 Nc7 18. Bc4 Qd7 19. g5 Qc6 20. Bd5 Bxd5 21. exd5 Qd7 22. f4 exf4 23. Nd4 Re8 24. Qf3 Bf8 25. Qxf4 Re5 26. h5 Rae8 27. g6 fxg6 28. hxg6 hxg6 29. Nf3 Rh5 30. Rhf1 Be7 31. Qg3 Bf6 32. Qxg6 Qf7 33. Qd3 Bxc3 34. Qxc3 Nxd5 35. Qd4 Ne3 36. Ne5 Qe6 37. Qxe3 Rxe5 38. Qb6 Qd7 39. b3 Qc6 40. Qf2 Qd7 41. Rh1 R8e6 42. Rdg1 Qe7 43. Qh2 Re1+ 44. Ka2 Rxg1 45. Qh7+ Kf8 46. Rxg1 Qf6 47. Qh8+ Kf7 48. Qh5+ Kg8 49. Qxa5 Qf2 50. Rc1 Re2 51. Qd5+ Qf7 52. Qxd6 Re6 53. Qd3 g6 54. Rh1 Kg7 55. Qd8 Qe8 56. Qd4+ Rf6 57. Qh4 Qc6 58. Kb2 Rf3 59. Qh8+ Kf7 60. Rh7+ Ke6 61. Qg7 Kf5 62. a5 g5 63. Rh6 Qd5 64. Qg6+ Kf4 65. Qg7 Kg3 66. Qc7+ Kg4 67. Qg7 Qxa5 68. Qd4+ Rf4 69. Qd7+ Qf5 70. Qxb7 Qe5+ 71. Ka2 Qa5+ 72. Kb2 Qe5+ 73. Ka2 Qa5+ 74. Kb2 1/2-1/2

[Event "Singapore op"]
[Site "Singapore"]
[Date "2024.12.02"]
[Round "5"]
[White "Lu, Shanglei"]
[Black "Subhayan, Kundu"]
[Result "1-0"]
[WhiteElo "2609"]
[BlackElo "2395"]
[PlyCount "65"]
[EventDate "2024.11.29"]
[EventType "swiss"]
[EventRounds "9"]
[EventCountry "SIN"]
[SourceTitle "CB50_2024"]
[SourceDate "2024.11.01"]
[SourceVersion "1"]
[SourceVersionDate "2024.11.01"]
[SourceQuality "2"]

1. e4 e5 2. Nf3 Nc6 3. Bb5 a6 4. Ba4 Nf6 5. 0-0 Be7 6. Re1 b5 7. Bb3 0-0 8. d4 Nxd4 9. Nxd4 exd4 10. e5 Ne8 11. Qxd4 c5 12. Qe4 Rb8 13. c3 Bb7 14. Qg4 d5 15. Bf4 Bc8 16. Qg3 Rb6 17. Nd2 Bf5 18. Qf3 Nc7 19. Nf1 Qd7 20. Ng3 Bg6 21. Be3 Rd8 22. h4 h6 23. h5 Bh7 24. Ne2 Qf5 25. Nf4 d4 26. cxd4 cxd4 27. Bd2 Ne6 28. Ba5 Ng5 29. Qg3 Rbb8 30. e6 Bd6 31. exf7+ Nxf7 32. Bxd8 Rxd8 33. Qh4 1-0

[Event "Singapore op"]
[Site "Singapore"]
[Date "2024.12.01"]
[Round "4"]
[White "Bazakutsa, Svyatoslav"]
[Black "Lu, Shanglei"]
[Result "1/2-1/2"]
[WhiteElo "2484"]
[BlackElo "2609"]
[PlyCount "82"]
[EventDate "2024.11.29"]
[EventType "swiss"]
[EventRounds "9"]
[EventCountry "SIN"]
[SourceTitle "CB50_2024"]
[SourceDate "2024.11.01"]
[SourceVersion "1"]
[SourceVersionDate "2024.11.01"]
[SourceQuality "2"]

1. c4 e5 2. g3 Nf6 3. Bg2 Bc5 4. d3 0-0 5. Nc3 d6 6. Nf3 Nc6 7. 0-0 h6 8. e3 a6 9. d4 exd4 10. exd4 Ba7 11. d5 Ne7 12. h3 Re8 13. Kh2 Bf5 14. Nd4 Bh7 15. Be3 Qd7 16. Qd2 Nf5 17. Nxf5 Qxf5 18. Bxa7 Rxa7 19. Rfe1 Raa8 20. g4 Qd3 21. Qxd3 Bxd3 22. b3 g5 23. Kg3 h5 24. f4 gxf4+ 25. Kxf4 hxg4 26. hxg4 Nd7 27. Be4 Bxe4 28. Rxe4 Nc5 29. Rd4 a5 30. Ne4 Rxe4+ 31. Rxe4 Nxe4 32. Kxe4 Kg7 33. Kf3 Re8 34. a3 b6 35. Rc1 Kf6 36. Rh1 Rb8 37. a4 Re8 38. Rh6+ Kg7 39. Rh1 Kg6 40. Rf1 Rh8 41. Kg3 Re8 1/2-1/2

[Event "Shenzhen Nanshan"]
[Site "Shenzhen"]
[Date "2024.11.18"]
[Round "3.4"]
[White "Lu, Shanglei"]
[Black "Ma, Qun"]
[Result "1/2-1/2"]
[WhiteElo "2626"]
[BlackElo "2608"]
[PlyCount "71"]
[EventDate "2024.11.16"]
[EventType "k.o."]
[EventRounds "3"]
[EventCountry "CHN"]
[SourceTitle "CB47_2024"]
[SourceDate "2024.11.20"]
[SourceVersion "1"]
[SourceVersionDate "2024.11.20"]
[SourceQuality "1"]

1. e4 c5 2. Nf3 Nc6 3. d4 cxd4 4. Nxd4 Qb6 5. Nb3 Nf6 6. Nc3 e6 7. Bd3 a6 8. Qe2 d6 9. g4 Qc7 10. g5 Nd7 11. f4 b5 12. Bd2 Nc5 13. Nxc5 dxc5 14. e5 Nd4 15. Qg2 Bb7 16. Be4 0-0-0 17. 0-0-0 b4 18. Ne2 Bxe4 19. Qxe4 Qc6 20. Qxc6+ Nxc6 21. h4 Ne7 22. Ng3 h6 23. Rdf1 a5 24. f5 Nc6 25. fxe6 fxe6 26. gxh6 gxh6 27. Rf6 Rg8 28. Ne4 Rg4 29. Nd6+ Bxd6 30. exd6 Rxd6 31. Bxh6 Rg2 32. Be3 Nd4 33. Rf2 Ne2+ 34. Kb1 Rg1+ 35. Rxg1 Nxg1 36. Kc1 1/2-1/2

[Event "CHN-ch Blitz"]
[Site "Hohhot"]
[Date "2024.11.14"]
[Round "7"]
[White "Xu, Xiangyu"]
[Black "Lu, Shanglei"]
[Result "1/2-1/2"]
[WhiteElo "2507"]
[BlackElo "2638"]
[PlyCount "26"]
[EventDate "2024.11.13"]
[EventType "swiss (blitz)"]
[EventRounds "9"]
[EventCountry "CHN"]
[SourceTitle "CB49_2024"]
[SourceDate "2024.12.04"]
[SourceVersion "1"]
[SourceVersionDate "2024.12.04"]
[SourceQuality "1"]

1. e4 c5 2. Nf3 e6 3. d4 cxd4 4. Nxd4 Nf6 5. Nc3 Nc6 6. Ndb5 Bc5 7. Bf4 0-0 8. Bc7 Qe7 9. Bd6 Bxd6 10. Qxd6 Qd8 11. Qc7 Qe7 12. Qd6 Qd8 13. Qc7 Qe7 1/2-1/2